Loreto College Library, Kolkata
WEBOPAC (ONLINE PUBLIC ACCESS CATALOGUE)

A History of civilisation in ancient India;Vol (Record no. 18944)

MARC details
000 -LEADER
fixed length control field 00652nam a2200217Ia 4500
005 - DATE AND TIME OF LATEST TRANSACTION
control field 20230121105949.0
008 - FIXED-LENGTH DATA ELEMENTS--GENERAL INFORMATION
fixed length control field 131103s9999 xx 000 0 und d
020 ## - ISBN | অাই এস বি এন
PRICE Rs.40.00
040 ## - CATALOGING SOURCE
Original cataloging agency Loreto College
041 ## - LANGUAGE CODE
Language code English
082 ## - DDC | ডিউই
Classification number | বর্গসংখ্যা 954.01
Book Number | গ্রন্থাঙ্ক DUT
100 ## - MAIN ENTRY--PERSONAL NAME | মুখ্য সংলেখ - ব্যাক্তিনাম
Personal name | ব্যাক্তিনাম Dutt,Romesh hunder
245 #2 - TITLE STATEMENT | অাখ্যা বিবরণী
Title | অাখ্যা A History of civilisation in ancient India;Vol
Sub title | উপঅাখ্যা 1 : Based on Sanskrit literature
Statement of responsibility | লেখকের দায়িত্বের বিবরণ Romesh Chunder Dutt
260 ## - IMPRINT | প্রকাশনা ক্ষেত্র
Place of publication | প্রকাশ স্থান Delhi
Name of publisher | প্রকাশকের নাম Vishal Publishers
Date of publication | প্রকাশ কাল 1972
300 ## - PHYSICAL DESCRIPTION |
Page / Vol. No | পৃষ্ঠা / খন্ড সংখ্যা xxii,390p
504 ## - BIBLIOGRAPHY, ETC. NOTE
Bibliography, etc Vol.1 - B.C.2000 to 320;Vol. II - B.C.320 to 1000
650 ## - SUBJECT ADDED ENTRY--TOPICAL TERM | বিষয় শিরোনাম - মূল বিষয়
Topical term | মূল বিষয় Indian History - Ancient Period
651 ## - SUBJECT ADDED ENTRY--GEOGRAPHIC NAME | বিষয় শিরোনাম - ভৌগলিক নাম
Geographic name | ভৌগলিক বিষয় History
850 ## - HOLDING INSTITUTION
Holding institution LCLIB
942 ## - ADDED ENTRY ELEMENTS (KOHA)
Koha item type Books
Holdings
Withdrawn status Lost status Source of classification Damaged status Not for loan Home library Current library Date acquired Total Checkouts Full call number Accession No. Date last seen Date checked out Price effective from Koha item type Coded location qualifier
    Dewey Decimal Classification     Loreto College Loreto College 04/11/2013 2 954.01 DUT 19256 B19750 27/09/2019 27/09/2019 04/11/2013 Books